Analýza nezamestnanosti v krajinách EÚ bakalárska práca

Salvato in:
Dettagli Bibliografici
Autore principale: Kažimír, Michal
Ente Autore: Podnikovohospodárska fakulta EU so sídlom v Košiciach. Katedra kvantitatívnych metód
Altri autori: Megyesiová, Silvia, 1969-
Natura: Libro
Lingua:slovacco
Pubblicazione: Košice 2018
Tags: Aggiungi Tag
Nessun Tag, puoi essere il primo ad aggiungerne!!

MARC

LEADER 00000nbm a2200000 4500
001 0245764
005 20181024125444.5
041 0 |a slo 
044 |a SK 
245 1 0 |a Analýza nezamestnanosti v krajinách EÚ  |b bakalárska práca  |c Michal Kažimír ; školiteľ: Silvia Megyesiová 
264 1 |a Košice  |c 2018 
300 |a 53 s. 
100 1 |a Kažimír, Michal 
700 1 |a Megyesiová, Silvia, 1969- 
710 2 |a Podnikovohospodárska fakulta EU so sídlom v Košiciach. Katedra kvantitatívnych metód